Fundamentals of financial accounting (Record no. 4163)

MARC details
000 -LEADER
fixed length control field 01362cam a2200181 a 4500
020 ## - INTERNATIONAL STANDARD BOOK NUMBER
ISBN 0072881372 (alk. paper)
050 04 - CALL NUMBER
Classification number HF5636
Item number .P545
100 1# - AUTHOR
Personal name Phillips, Fred.
245 10 - TITLE
Title Fundamentals of financial accounting
Statement of responsibility, etc Fred Phillips, Robert Libby, Patricia A. Libby.
260 ## - PUBLICATION INFORMATION
Place of publication Boston ;
-- Toronto :
Name of publisher McGraw-Hill/Irwin,
Year of publication 2006.
300 ## - DESCRIPTION
Number of Pages xxxi, 727 p. :
Other physical details col. ill. ;
Dimensions 29 cm.
500 ## - NOTES
General note Includes index.
505 ## - FORMATTED CONTENTS NOTE
Table of Content Reporting and interpreting the financial results of business activities. <br/>Reporting investing and financing results on the balance sheet <br/>Reporting operating results on the income statement. <br/>Adjustments, financial statements, and the quality of financial reporting. <br/>Understanding financial statements and the financial reporting environment. <br/>Internal control and financial reporting for merchandising operations. <br/>Reporting and interpreting receivables, bad debt expense, and interest revenue.<br/>Reporting and interpreting inventories and cost of goods sold.<br/>Reporting and interpreting long-lived tangible and intangible assets.<br/>Reporting and interpreting liabilities.<br/>Reporting and interpreting stockholders' equity.<br/>Reporting and interpreting the statement of cash.<br/>Measuring and evaluating financial reporting.
650 #0 - SUBJECTS
Topical Term Accounting.
700 1# - OTHER AUTHORS
Personal name Libby, Robert.
700 1# - OTHER AUTHORS
Personal name Libby, Patricia A.
942 ## - ADDED ENTRY ELEMENTS (KOHA)
Koha item type Books
Holdings
Withdrawn status Lost status Home library Current library Shelving location Date acquired Full call number Accession Number Koha item type
    Methodist University Library Tema Methodist University Library Tema General Stacks 24/08/2007 HF5636 .P545 29225 Books
    Methodist University Library Tema Methodist University Library Tema General Stacks 24/08/2007 HF5636 .P545 29226 Books
    Methodist University Library Tema Methodist University Library Tema General Stacks 24/08/2007 HF5636 .P545 29765 Books
    Methodist University Library Tema Methodist University Library Tema General Stacks 24/08/2007 HF5636 .P545 29224 Books
Copyright © 2026  MUG Library